|
|
|
|
| LEADER |
00000naa2a2200000 4500 |
| 001 |
176143 |
| 005 |
20240823063159.0 |
| 035 |
|
|
|a (RuTPU)RU\TPU\book\190967
|
| 035 |
|
|
|a RU\TPU\book\190961
|
| 090 |
|
|
|a 176143
|
| 100 |
|
|
|a 20100224d2004 k y0rusy50 ca
|
| 101 |
0 |
|
|a rus
|
| 102 |
|
|
|a RU
|
| 200 |
1 |
|
|a Радиоактивные отходы и проблемы консервации урановых рудников Северного Казахстана
|f А. К. Мазуров, М. Б. Едигенов
|
| 320 |
|
|
|a Библиогр.: 6 назв.
|
| 330 |
|
|
|a Грачевский рудный узел находится в Северо-Казахстанской области и объединяет крупнейшие в Казахстане гидротермальные месторождения урана. Закрытие в 1998 г. урановых рудников вызвало неуправляемое поступление подземных вод в горные выработки, соответственно, был утерян контроль за радиационной обстановкой водных ресурсов, не было сведений о направлении движения потока и содержания радионуклидов в воде. Проведенными исследованиями установлена широкомасштабная картина техногенного загрязнения промышленных площадок Косачинного и Грачевского урановых рудников, а также прилегающих территорий, на которых проживает население, ведется сельское хозяйство, промышленное производство. Прежде всего, наиболее ощутимо процесс радиоактивного заражения коснулся непосредственно территории шахт, прилегающих отвалов и очень рельефно затронул площади вдоль трассы коллектора рудничных вод и накопителя-испарителя оз. Б. Косколь. На последнем наблюдаются самые высокие концентрации радионуклидов и элементов 1, 2 класса опасности. Это, в свою очередь, способствует активному заражению подземных вод, являющихся основным источником водоснабжения прилегающих населенных пунктов и прежде всего райцентра Саумалколь. В большинстве скважин и колодцах этого поселка вода непригодна для питьевого водоснабжения и в силу сложившихся обстоятельств население вынуждено ее использовать с риском для здоровья. Работами 2000-2002 гг. установлены локальные участки и источники радиоактивного загрязнения, превышающие предельно-допустимые уровни радиоактивности, с одновременной оценкой радиационного фона по всем техногенным и природным объектам изучаемой площади.
|
| 463 |
|
1 |
|0 (RuTPU)RU\TPU\book\75442
|y 5-9900248-5-1
|t Радиоактивность и радиоактивные элементы в среде обитания человека
|o материалы II Международной конференции, г. Томск, 18-22 октября 2004 г.
|f Томский политехнический университет; Академия наук РФ; Объединенный институт геологии, геофизики и минералогии СО РАН; под ред. Л. П. Рихванова
|v С. 331-339
|d 2004
|p 772 с.
|
| 610 |
1 |
|
|a труды учёных ТПУ
|
| 700 |
|
1 |
|a Мазуров
|b А. К.
|c горный инженер геолог
|c профессор-консультант Томского политехнического университета, доктор геолого-минералогических наук
|f 1951-
|g Алексей Карпович
|x TPU
|y Томск
|3 (RuTPU)RU\TPU\pers\26068
|9 11906
|
| 701 |
|
1 |
|a Едигенов
|b М. Б.
|
| 801 |
|
1 |
|a RU
|b 63413507
|c 20100224
|
| 801 |
|
2 |
|a RU
|b 63413507
|c 20120515
|g RCR
|
| 942 |
|
|
|c BK
|